000 01196nam0a2200325 4500
001 RU\NLR\bibl\1464059
005 20260406154142.0
010 _a978-5-7853-1251-7
_915000
021 _aRU
_b2009-96052
_96100
035 _a(nilc)RSL-KNO-004419573
035 _a(NLR Aleph) 001455803
090 _a1551877
_c1551877
100 _a20091201d2009 |||y0rusy50 ca
101 1 _arus
_cund
102 _aRU
105 _aa |||||||||
200 1 _aЮность Пьеро
_fАлександр Дюма
_gхудож. Ю. Николаев
210 _aМосква
_cМосковские учебники и Картография
_d2009
215 _a110, [1] с.
_cцв. ил.
_d30
686 _aШ9(2)72(4Фр)
_2rubbk
686 _aШ9(4Фр)60-4
700 1 _4070
_8rus
_7ca
_aДюма
_bА.
_cотец
_f1802-1870
_gАлександр
_3RU\NLR\auth\776853
_9116800
702 1 _4040
_8rus
_7ca
_aНиколаев
_bЮ. Ф.
_gЮрий Филиппович
_f1940-
_cхудожник
_3RU\NLR\auth\7747807
_930742
801 0 _aRU
_bРГБ
_c20091201
_grcr
801 1 _aRU
_bРГБ
_c20091201
801 2 _aRU
_bNLR
_c20100122
_grcr
942 _cBOOK
980 _aNB